[Event "LTU-ch sf"]
[Site "Kaunas"]
[Date "2024.03.11"]
[Round "8"]
[White "Pidluznij, Gleb"]
[Black "Juknis, Paulius"]
[Result "1-0"]
[WhiteElo "2308"]
[BlackElo "2196"]
[PlyCount "119"]
[EventDate "2024.03.06"]
[EventType "swiss"]
[EventRounds "8"]
[EventCountry "LTU"]
[SourceTitle "CBM 219 Extra"]
[Source "ChessBase"]
[SourceDate "2024.05.31"]
[SourceVersion "1"]
[SourceVersionDate "2024.05.31"]
[SourceQuality "1"]

1. e4 c5 2. Nf3 Nc6 3. Bb5 g6 4. Bxc6 dxc6 5. d3 Bg7 6. h3 Nf6 7. Nc3 Nd7 8. Be3 b6 9. Qd2 h6 10. 0-0 e5 11. Nh2 Nf8 12. f4 exf4 13. Bxf4 Ne6 14. Bg3 Qg5 15. Qe1 Nd4 16. Qf2 0-0 17. Bd6 Bxh3 18. Bf4 Qxg2+ 19. Qxg2 Bxg2 20. Kxg2 Nxc2 21. Rad1 Rad8 22. Rd2 Nd4 23. e5 g5 24. Bg3 f5 25. exf6 Rxf6 26. Rxf6 Bxf6 27. Ng4 Bg7 28. Ne4 Nf5 29. Be5 Ne3+ 30. Nxe3 Bxe5 31. Nf5 Kh7 32. Ne7 Bf4 33. Nxc6 Rc8 34. Ne7 Rd8 35. Rd1 Kg7 36. Nc6 Rc8 37. Ne7 Rd8 38. a3 Rd7 39. Nc6 Kg6 40. b4 c4 41. d4 Kf5 42. Nc3 h5 43. d5 h4 44. Rd4 g4 45. Ne2 Bd6 46. Rxc4 h3+ 47. Kh1 Kg5 48. Ncd4 Rf7 49. Ne6+ Kh4 50. N2f4 Kg3 51. Kg1 Bxf4 52. Rxf4 Rd7 53. Rd4 Rf7 54. Rd2 Rf3 55. d6 h2+ 56. Rxh2 Rd3 57. Rg2+ Kf3 58. Ng5+ Kf4 59. Nf7 g3 60. Rc2 1-0

[Event "Wch U16"]
[Site "Montesilvano"]
[Date "2023.11.23"]
[Round "10"]
[White "Pidluznij, Gleb"]
[Black "Colev, Ivor"]
[Result "1-0"]
[WhiteElo "2246"]
[BlackElo "2102"]
[PlyCount "93"]
[EventDate "2023.11.13"]
[EventType "swiss"]
[EventRounds "11"]
[EventCountry "ITA"]
[SourceTitle "CBM 217 Extra"]
[Source "ChessBase"]
[SourceDate "2024.01.31"]
[SourceVersion "1"]
[SourceVersionDate "2024.01.31"]
[SourceQuality "1"]

1. e4 c5 2. Nf3 d6 3. Bb5+ Nd7 4. 0-0 Ngf6 5. Re1 a6 6. Bd3 e6 7. c3 b5 8. Bc2 c4 9. a4 Bb7 10. d4 cxd3 11. Qxd3 Nc5 12. Qe2 bxa4 13. e5 dxe5 14. Nxe5 Be7 15. Nd2 0-0 16. Bxa4 Nxa4 17. Rxa4 Nd5 18. Ndf3 Qc7 19. Rc4 Qa5 20. Rg4 Rad8 21. Bh6 Bf6 22. Qd2 Ne7 23. Nd7 Ng6 24. Nxf6+ Kh8 25. Qg5 Qxg5 26. Bxg5 Bxf3 27. gxf3 h6 28. Nh7 Kxh7 29. Bxd8 Rxd8 30. Rd4 Rb8 31. Re2 Rb5 32. b4 Rg5+ 33. Kf1 Rh5 34. Ra2 e5 35. Rd7 Nf4 36. Rxf7 Rxh2 37. Kg1 Rg2+ 38. Kh1 Rg5 39. Rxa6 Rh5+ 40. Kg1 Ne2+ 41. Kf1 Nxc3 42. Ra5 Rh1+ 43. Kg2 Re1 44. Raa7 Nd5 45. Rxg7+ Kh8 46. Rgd7 Nf4+ 47. Kh2 1-0

[Event "Wch U16"]
[Site "Montesilvano"]
[Date "2023.11.17"]
[Round "5"]
[White "Pidluznij, Gleb"]
[Black "Lee, Lachlan"]
[Result "1-0"]
[WhiteElo "2246"]
[BlackElo "1938"]
[PlyCount "71"]
[EventDate "2023.11.13"]
[EventType "swiss"]
[EventRounds "11"]
[EventCountry "ITA"]
[SourceTitle "CBM 217 Extra"]
[Source "ChessBase"]
[SourceDate "2024.01.31"]
[SourceVersion "1"]
[SourceVersionDate "2024.01.31"]
[SourceQuality "1"]

1. e4 c5 2. Nf3 d6 3. Bb5+ Nd7 4. 0-0 a6 5. Bd3 g6 6. c3 Bg7 7. Bc2 e5 8. d4 Qb6 9. dxe5 Nxe5 10. Nxe5 Bxe5 11. Na3 Qc6 12. f4 Bg7 13. Nc4 Bf8 14. f5 b5 15. Bf4 Bb7 16. Nxd6+ Bxd6 17. Qxd6 Qxd6 18. Bxd6 0-0-0 19. Bxc5 Rd2 20. Rf2 Rxf2 21. Kxf2 Nf6 22. Bd4 Rd8 23. Re1 Ng4+ 24. Kg1 Re8 25. e5 Nh6 26. fxg6 fxg6 27. Bb3 Nf5 28. e6 Ne7 29. Bc5 Bd5 30. Bxd5 Nxd5 31. Rd1 Nf6 32. Rd6 Ne4 33. Rxa6 Kb7 34. Rb6+ Kc7 35. Bd4 Nd6 36. Ra6 1-0